000 00623nam a2200205Ia 4500
005 20250508163644.0
008 008 250505s9999 xx 000 0 eng d
037 _aTextual
040 _aFEDL
_beng
_cFEDL
041 _aeng
_2eng
084 _a001.422, SRI
_qFEDL
100 _aSrivastava A B L
_9775894
245 0 _aElementary statistics in psychology and education
260 _aNew Delhi, India
_bSterling Publishers Private Limited
_c1985
300 _axi,239p.
650 _aStatistical Methods
700 _a Sharma K K
_9775895
942 _cTEXL
_h001.422, SRI
999 _c1384540
_d1384540